The British Medical Association family doctor guide to Parkinson's disease / (Record no. 2565)
[ view plain ]
| 000 -LEADER | |
|---|---|
| fixed length control field | nam a22 a 4500 |
| 005 - DATE AND TIME OF LATEST TRANSACTION | |
| control field | 20170517112429.0 |
| 008 - FIXED-LENGTH DATA ELEMENTS--GENERAL INFORMATION | |
| fixed length control field | 170517b1999 enk||||| |||| 00| 0 eng d |
| 020 ## - INTERNATIONAL STANDARD BOOK NUMBER | |
| International Standard Book Number | 0751306711 |
| 040 ## - CATALOGING SOURCE | |
| Original cataloging agency | AKMAL |
| 082 ## - DEWEY DECIMAL CLASSIFICATION NUMBER | |
| Classification number | 616.833 PEA |
| 090 ## - LOCALLY ASSIGNED LC-TYPE CALL NUMBER (OCLC); LOCAL CALL NUMBER (RLIN) | |
| Classification number (OCLC) (R) ; Classification number, CALL (RLIN) (NR) | 616.833 |
| Local cutter number (OCLC) ; Book number/undivided call number, CALL (RLIN) | PEA |
| 100 ## - MAIN ENTRY--PERSONAL NAME | |
| Personal name | Pearce, John |
| Dates associated with a name | 1936- |
| 9 (RLIN) | 5351 |
| 245 ## - TITLE STATEMENT | |
| Title | The British Medical Association family doctor guide to Parkinson's disease / |
| Statement of responsibility, etc. | John M.S. Pearce ; medical editor, Tony Smith. |
| 246 ## - VARYING FORM OF TITLE | |
| Title proper/short title | Family doctor guide to Parkinson's disease |
| 260 ## - PUBLICATION, DISTRIBUTION, ETC. | |
| Place of publication, distribution, etc. | London |
| Name of publisher, distributor, etc. | Dorling Kindersley |
| Date of publication, distribution, etc. | 1999. |
| 300 ## - PHYSICAL DESCRIPTION | |
| Extent | 80p. |
| Other physical details | col.ill. |
| Dimensions | 21cm |
| 500 ## - GENERAL NOTE | |
| General note | Includes index. |
| 500 ## - GENERAL NOTE | |
| General note | Spine title: Family doctor guide to Parkinson's disease. |
| 650 ## - SUBJECT ADDED ENTRY--TOPICAL TERM | |
| Topical term or geographic name entry element | Parkinson's disease |
| Form subdivision | Popular works. |
| 9 (RLIN) | 5352 |
| 700 ## - ADDED ENTRY--PERSONAL NAME | |
| Personal name | Smith, Tony |
| Titles and other words associated with a name | Dr. |
| 9 (RLIN) | 5251 |
| 942 ## - ADDED ENTRY ELEMENTS (KOHA) | |
| Source of classification or shelving scheme | |
| Koha item type | Book |
| Withdrawn status | Lost status | Source of classification or shelving scheme | Damaged status | Not for loan | Collection code | Home library | Current library | Shelving location | Date acquired | Inventory number | Total Checkouts | Full call number | Barcode | Date last seen | Price effective from | Koha item type |
|---|---|---|---|---|---|---|---|---|---|---|---|---|---|---|---|---|
| NON-FICTION | AKMAL Melaka | AKMAL Melaka | PINJAMAN | 17.05.2017 | 601902 | 616.833 PEA | 201703421 | 17.05.2017 | 17.05.2017 | Book |
